Statistics for Baseball Decoder

Click here to take the quiz!

General Stats

  • This quiz has been taken 1,723 times
  • The average score is 25 of 42

Answer Stats

hintanswer% Correct
EE in ERAearned
92%
Sone-base hitsingle
91%
Tonly Canadian MLB cityToronto
91%
Efielding bloopererror
90%
Rfirst black MLB player, in 1947Robinson
90%
GSan FranciscoGiants
89%
Rthe R in RBIrun
88%
SMariners' citySeattle
88%
E10th, 11th, 12th... inningsextra
87%
Ymost MLB titles (27)Yankees
87%
OBaltimoreOrioles
86%
Hthe only plate on the fieldhome
85%
Lbases when runners are
on 1st 2nd 3rd
loaded
84%
Obaseball field beyond the basesoutfield
82%
MBrewersMilwaukee
78%
RTampa BayRays
77%
Hworn by batters and catchershelmet
72%
Rmost strikeouts (5714)
surname
Ryan
72%
TArlington's rangersTexas
71%
IJapanese Seattle stalwartIchiro
64%
Nmost strikeouts (5714)
first name
Nolan
64%
Kunusual, unpredictable pitchknuckleball
63%
I6 outs and it's overInning
58%
Rslug % record holder (.690)
surname
Ruth
58%
EBlue Jay's 1st basemanEdwin
{Encarnacion}
56%
EYankee's center fielderJacoby {Ellsbury}
54%
NMLB leagueNational
54%
Bslug % record holder (.690)
first name
Babe
51%
Sironic term for swing-and-missstrike
50%
Ctop MLB batting avge (.367)
surname
Cobb
48%
ENationals' Cuban shortstopYunel {Escobar}
47%
Ttop MLB batting avge (.367)
first name
Ty
44%
TAAA Mud Hens teamToledo
40%
UMLB games have fourUmpires
37%
XDutch international BogaertsXander
36%
EChicago White Sox outfielderAdam {Eaton}
33%
VBlue Jays' Canadian affiliateVancouver
24%
NAAA ____ Tides in VirginiaNorfolk
19%
OAAA Storm ChasersOmaha
12%
E67 doubles in 1931, a record{Earl} Webb
11%
Babe Ruth quoteEvery strike brings me closer to the next home run
9%
MAAA ____ City Red Devils
(16 titles, their league's record)
Mexico
3%

Score Distribution

Percentile by Number Answered

Percent of People with Each Score

Your Score History

You have not taken this quiz